<?xml version="1.0" encoding="UTF-8"?>
<record
    xmlns:xsi="http://www.w3.org/2001/XMLSchema-instance"
    xsi:schemaLocation="http://www.loc.gov/MARC21/slim http://www.loc.gov/standards/marcxml/schema/MARC21slim.xsd"
    xmlns="http://www.loc.gov/MARC21/slim">

  <leader>00630cam a22002171  4500</leader>
  <controlfield tag="001">ne 66000792 </controlfield>
  <controlfield tag="003">DLC</controlfield>
  <controlfield tag="005">20260227111822.0</controlfield>
  <controlfield tag="008">810814s1964    le            000 0 arar </controlfield>
  <datafield tag="010" ind1=" " ind2=" ">
    <subfield code="a">ne 66000792 </subfield>
  </datafield>
  <datafield tag="025" ind1=" " ind2=" ">
    <subfield code="a">PL480:UAR-7034</subfield>
  </datafield>
  <datafield tag="035" ind1=" " ind2=" ">
    <subfield code="a">(OCoLC)7669200</subfield>
  </datafield>
  <datafield tag="040" ind1=" " ind2=" ">
    <subfield code="a">DLC</subfield>
    <subfield code="c">TU</subfield>
    <subfield code="d">TU</subfield>
    <subfield code="d">DLC</subfield>
  </datafield>
  <datafield tag="042" ind1=" " ind2=" ">
    <subfield code="a">premarc</subfield>
  </datafield>
  <datafield tag="050" ind1="0" ind2="0">
    <subfield code="a">PJ7701</subfield>
    <subfield code="b">.A154 1964</subfield>
  </datafield>
  <datafield tag="100" ind1="2" ind2=" ">
    <subfield code="a">Ab&#x16B; al-&#x2BB;At&#x101;hiyah, Ism&#x101;&#x2BB;&#x12B;l ibn al-Q&#x101;sim,</subfield>
    <subfield code="d">747 or 748-826?</subfield>
  </datafield>
  <datafield tag="245" ind1="1" ind2="0">
    <subfield code="a">D&#x12B;w&#x101;n</subfield>
    <subfield code="c">Ab&#x12B; al-&#x2BB;Atahiyah.</subfield>
  </datafield>
  <datafield tag="260" ind1=" " ind2=" ">
    <subfield code="a">Bayr&#x16B;t,</subfield>
    <subfield code="b">D&#x101;r &#x1E62;&#x101;dir,</subfield>
    <subfield code="c">1964.</subfield>
  </datafield>
  <datafield tag="300" ind1=" " ind2=" ">
    <subfield code="a">511 p.</subfield>
    <subfield code="c">24 cm.</subfield>
  </datafield>
  <datafield tag="500" ind1=" " ind2=" ">
    <subfield code="a">Cover title: D&#x12B;w&#x101;n Ab&#x12B; &#x2BB;L&#x101;&#x2BC; al-&#x2BB;Atahiyah.</subfield>
  </datafield>
  <datafield tag="999" ind1=" " ind2=" ">
    <subfield code="c">48837</subfield>
    <subfield code="d">48837</subfield>
  </datafield>
</record>
